[Event "IX Open"]
[Site "Crema ITA"]
[Date "2007.09.08"]
[Round "4"]
[White "Pagano, Davide"]
[Black "Radaelli, Pietro"]
[Result "1/2-1/2"]
[WhiteElo "1464"]
[BlackElo "1470"]
[PlyCount "105"]
[EventDate "2007.09.07"]

1. e4 d5 2. exd5 Qxd5 3. Nc3 Qa5 4. d4 c6 5. Nf3 Bf5 6. Bd3 Bg6 7. O-O Nf6 8.
Re1 e6 9. Bd2 Qc7 10. Bg5 Nbd7 11. Bc4 O-O-O 12. Qe2 h6 13. Bh4 Bh5 14. Bg3 Bd6
15. Bxd6 Qxd6 16. Rad1 Nb6 17. Bb3 Rhe8 18. Ne4 Nxe4 19. Qxe4 Rd7 20. c3 Bg6
21. Qe5 Qf8 22. Re3 Nd5 23. Bxd5 Rxd5 24. Qg3 Red8 25. Ne5 Bf5 26. Rde1 Ra5 27.
a3 g5 28. Qf3 f6 29. g4 Bc2 30. Nc4 Ra4 31. b4 Bb3 32. Na5 Bd5 33. Qe2 Rxa3 34.
Nc4 Ra6 35. Nd2 b5 36. Ne4 Ra2 37. Qf1 Bc4 38. Qg2 Bd5 39. Qf1 f5 40. Nc5 Rd6
41. Nxe6 Qf6 42. Nc5 Rd8 43. Re6 Qf8 44. gxf5 Qxf5 45. R6e3 h5 46. Ne4 Kc7 47.
Qg2 Rf8 48. Qg3+ Qf4 49. Qxf4+ gxf4 50. R3e2 Rxe2 51. Rxe2 Rg8+ 52. Kh1 Rg4 53.
f3 1/2-1/2

[Event "IX Open"]
[Site "Crema ITA"]
[Date "2007.09.08"]
[Round "4"]
[White "Perrotta, Leopoldo"]
[Black "Paravella, Alberto"]
[Result "1-0"]
[WhiteElo "1875"]
[BlackElo "1542"]
[PlyCount "65"]
[EventDate "2007.09.07"]

1. e4 e5 2. Nc3 Nc6 3. f4 exf4 4. d4 Qh4+ 5. Ke2 b6 6. a4 Ba6+ 7. Nb5 Bxb5+ 8.
axb5 Qh5+ 9. Nf3 Qxb5+ 10. Kf2 Qh5 11. Be2 Bd6 12. e5 Be7 13. Bxf4 Qf5 14. g3
g5 15. Bd3 Qg4 16. h3 Qe6 17. Be3 h6 18. c4 d5 19. Qb1 dxc4 20. Bf5 Qd5 21. Be4
Qb5 22. d5 f5 23. exf6 Nxf6 24. Bg6+ Kf8 25. dxc6 Qxc6 26. Nd4 Qd6 27. Rf1 Qd5
28. Kg1 Qe5 29. Qe1 Rd8 30. Nc6 Qxb2 31. Nxd8 Bxd8 32. Bd2 Kg7 33. Bc3 1-0

[Event "IX Open"]
[Site "Crema ITA"]
[Date "2007.09.08"]
[Round "4"]
[White "Pezzotta, Gianni"]
[Black "Calvi, Gianluca"]
[Result "0-1"]
[WhiteElo "1718"]
[BlackElo "1885"]
[PlyCount "86"]
[EventDate "2007.09.07"]

1. Nf3 Nf6 2. d4 d6 3. Nbd2 c5 4. c3 Nc6 5. e4 cxd4 6. cxd4 e6 7. Bd3 Qc7 8.
O-O Be7 9. a3 a5 10. Qe2 Bd7 11. b3 Rc8 12. Bb2 O-O 13. Rfc1 Qb8 14. e5 Nd5 15.
Qe4 f5 16. Qe1 b5 17. g3 Nd8 18. Qe2 Nf7 19. Rab1 b4 20. Bc4 Nc3 21. Bxc3 bxc3
22. Nf1 d5 23. Ba6 Rc7 24. a4 Ba3 25. Qd1 Bxc1 26. Rxc1 Qb6 27. Bd3 Rb8 28. Bc2
Nd8 29. Ne3 Nc6 30. Ng2 Nb4 31. Nf4 Nxc2 32. Rxc2 Qxb3 33. Ne1 Qxa4 34. Qc1 Qb3
35. Nh5 Be8 36. Nf4 Bf7 37. Ne2 Rbc8 38. Nd3 Rb8 39. Nxc3 Qc4 40. Nc5 Rxc5 41.
dxc5 Qxc5 42. Na4 Qf8 43. Nb6 Rd8 0-1

[Event "IX Open"]
[Site "Crema ITA"]
[Date "2007.09.08"]
[Round "4"]
[White "Ranfagni, Stefano"]
[Black "Usuelli, Michele"]
[Result "1-0"]
[WhiteElo "2031"]
[BlackElo "1527"]
[PlyCount "47"]
[EventDate "2007.09.07"]

1. e4 c5 2. c3 d5 3. exd5 Qxd5 4. Nf3 Nf6 5. d4 Bg4 6. Be2 Nc6 7. dxc5 Bxf3 8.
Bxf3 Qxd1+ 9. Bxd1 e6 10. b4 a5 11. Bf3 Ne5 12. Bxb7 Ra7 13. c6 Bd6 14. b5 Nd5
15. O-O Nd3 16. c4 Nb6 17. Be3 Bc7 18. c5 Nd5 19. b6 Rxb7 20. cxb7 Be5 21. c6
Kd8 22. Na3 N3b4 23. c7+ Nxc7 24. b8=Q+ 1-0

[Event "IX Open"]
[Site "Crema ITA"]
[Date "2007.09.08"]
[Round "4"]
[White "Romagnoli, Franco"]
[Black "Corbellini, Nicola"]
[Result "1/2-1/2"]
[WhiteElo "2111"]
[BlackElo "1533"]
[PlyCount "43"]
[EventDate "2007.09.07"]

1. e4 c5 2. b4 b6 3. bxc5 bxc5 4. Nc3 d6 5. Bc4 Nf6 6. h3 Nc6 7. Nf3 e6 8. O-O
Be7 9. Re1 Qc7 10. Nb5 Qa5 11. Nxd6+ Bxd6 12. e5 Bxe5 13. Nxe5 Nxe5 14. Rxe5
O-O 15. Rb1 Qc7 16. Bb2 Rb8 17. Rg5 Rxb2 18. Rxb2 Qf4 19. Rxc5 Ne4 20. Ra5
Qxf2+ 21. Kh1 Qd4 22. Qf3 1/2-1/2

[Event "IX Open"]
[Site "Crema ITA"]
[Date "2007.09.08"]
[Round "4"]
[White "Santandrea, Marco"]
[Black "Vishanji, Franz"]
[Result "1-0"]
[WhiteElo "1837"]
[BlackElo "1428"]
[PlyCount "41"]
[EventDate "2007.09.07"]

1. e4 e5 2. f4 d6 3. Nf3 exf4 4. Bc4 Bg4 5. d4 Qe7 6. O-O Nd7 7. Bxf4 Ngf6 8.
Nc3 Be6 9. Qe2 Nb6 10. Bxe6 Qxe6 11. Rfe1 Be7 12. Ng5 Qg4 13. Qxg4 Nxg4 14. h3
Bxg5 15. Bxg5 h6 16. Bh4 g5 17. Bg3 Nf6 18. e5 Nh5 19. exd6+ Kd7 20. Re7+ Kc6
21. Rxc7# 1-0

[Event "IX Open"]
[Site "Crema ITA"]
[Date "2007.09.08"]
[Round "4"]
[White "Scalcione, Michelangelo"]
[Black "Okhotnik, Vladimir"]
[Result "0-1"]
[WhiteElo "2288"]
[BlackElo "2468"]
[PlyCount "92"]
[EventDate "2007.09.07"]

1. Nf3 c5 2. c4 g6 3. e4 Bg7 4. d4 d6 5. dxc5 dxc5 6. Qxd8+ Kxd8 7. Nc3 Nc6 8.
Be3 Bxc3+ 9. bxc3 b6 10. O-O-O+ Ke8 11. Bd3 Na5 12. e5 Be6 13. Ng5 Bxc4 14. e6
Bxe6 15. Bb5+ Kf8 16. Nxe6+ fxe6 17. Rhe1 Kf7 18. g4 Nf6 19. g5 Nh5 20. Bd7
Rhd8 21. Kc2 Nc4 22. Bc1 Ng7 23. Rd3 Nd6 24. Rf3+ Ngf5 25. Bc6 Rac8 26. Bb5 Ne8
27. Bc4 Nf6 28. Bf4 Nd5 29. Be5 Rf8 30. Ba6 Rcd8 31. a3 Kg8 32. Rd3 Nd6 33. Rd2
Rf3 34. Bf1 Nf7 35. Bg3 Rxc3+ 36. Kb2 c4 37. Rxe6 Rxg3 38. Bxc4 Rxg5 39. Rxe7
b5 40. Bb3 Nxe7 41. Rxd8+ Kg7 42. Rd4 Kf8 43. Rd7 Rf5 44. Rd8+ Kg7 45. Kc3 Rxf2
46. Kb4 Rb2 0-1

[Event "IX Open"]
[Site "Crema ITA"]
[Date "2007.09.08"]
[Round "4"]
[White "Stella, Andrea"]
[Black "Salami, Marco"]
[Result "0-1"]
[WhiteElo "2132"]
[BlackElo "2225"]
[PlyCount "116"]
[EventDate "2007.09.07"]

1. d4 f5 2. g3 Nf6 3. Bg2 g6 4. c4 Bg7 5. Nc3 d6 6. Nf3 O-O 7. O-O c6 8. d5 e5
9. dxe6 Bxe6 10. Qd3 Na6 11. Bf4 Ne4 12. Nxe4 fxe4 13. Qxe4 Nc5 14. Qc2 Bf5 15.
Qd2 Ne4 16. Qb4 Qb6 17. Qxb6 axb6 18. Nh4 Bxb2 19. Nxf5 gxf5 20. Rab1 Bd4 21.
Bxe4 fxe4 22. Bxd6 Rf7 23. e3 Bc5 24. Bxc5 bxc5 25. Rb2 Rd7 26. Rfb1 Ra7 27.
Kf1 Kf8 28. Ke2 Ke8 29. Rd1 Rxd1 30. Kxd1 Kd7 31. Ke2 Kc7 32. f3 exf3+ 33. Kxf3
Ra3 34. Rc2 Kd6 35. Kf4 b5 36. cxb5 cxb5 37. e4 c4 38. g4 Kc5 39. Ke5 c3 40. h4
Kc4 41. g5 Kd3 42. Rh2 c2 43. Rh3+ Kd2 44. Rh2+ Kc3 45. Rh1 Rxa2 46. h5 b4 47.
g6 hxg6 48. hxg6 Ra7 49. Rh7 Ra5+ 50. Kf6 c1=Q 51. Rc7+ Kd2 52. Rxc1 Kxc1 53.
g7 Ra8 54. e5 b3 55. Kf7 b2 56. g8=Q Rxg8 57. Kxg8 b1=Q 58. e6 Qg6+ 0-1

[Event "IX Open"]
[Site "Crema ITA"]
[Date "2007.09.08"]
[Round "4"]
[White "Tagliaferri, Valerio"]
[Black "Gerundino, Nicola"]
[Result "1/2-1/2"]
[WhiteElo "1440"]
[BlackElo "1965"]
[PlyCount "84"]
[EventDate "2007.09.07"]

1. d4 Nf6 2. Nf3 d5 3. e3 e6 4. Bd3 c5 5. c3 Nc6 6. Nbd2 Be7 7. O-O O-O 8. a3
b6 9. Qe2 Bb7 10. Rd1 Qc7 11. e4 dxe4 12. Nxe4 cxd4 13. cxd4 Na5 14. Bg5 Bxe4
15. Bxe4 Nxe4 16. Qxe4 Rfe8 17. b4 Nc4 18. Rdc1 Rac8 19. Rc3 Qd8 20. Bf4 Nd6
21. Rxc8 Qxc8 22. Qd3 Qc4 23. Rd1 Qxd3 24. Rxd3 Rc8 25. Ne1 Nb5 26. Kf1 Rc3 27.
Rxc3 Nxc3 28. Bb8 a5 29. Ba7 axb4 30. axb4 Nd5 31. Nc2 Kf8 32. Ne3 Bd8 33. Nxd5
exd5 34. Bb8 Ke7 35. Ke2 Kd7 36. b5 Ke6 37. Kf3 h5 38. g3 g5 39. h3 Bf6 40. Ke3
Bd8 41. f3 f5 42. f4 g4 1/2-1/2

[Event "IX Open"]
[Site "Crema ITA"]
[Date "2007.09.08"]
[Round "4"]
[White "Tedoldi, Guido"]
[Black "Bongiorni, Gabriele"]
[Result "0-1"]
[WhiteElo "1419"]
[BlackElo "1816"]
[PlyCount "60"]
[EventDate "2007.09.07"]

1. c4 Nf6 2. Nc3 e6 3. d3 Bb4 4. Nf3 c5 5. a3 Bxc3+ 6. bxc3 O-O 7. e3 b6 8. Be2
Bb7 9. O-O Nc6 10. a4 Qc7 11. h3 Rfe8 12. Ba3 d5 13. cxd5 exd5 14. d4 c4 15.
Nd2 Na5 16. Bb4 Ne4 17. Nxe4 Rxe4 18. Bxa5 bxa5 19. Bf3 Rh4 20. Qe2 Qd6 21. Qc2
Re8 22. Rfb1 Bc6 23. Ra2 g6 24. Rab2 Bd7 25. Bg4 Bxg4 26. hxg4 Qh2+ 27. Kf1
Qh1+ 28. Ke2 Qxg2 29. Rf1 Qxg4+ 30. Ke1 Rh2 0-1

[Event "IX Open"]
[Site "Crema ITA"]
[Date "2007.09.08"]
[Round "4"]
[White "Vetturi, Pietro"]
[Black "Codenotti, Marco"]
[Result "0-1"]
[WhiteElo "1742"]
[BlackElo "1969"]
[PlyCount "38"]
[EventDate "2007.09.07"]

1. d4 Nf6 2. c4 g6 3. Nc3 Bg7 4. e4 d6 5. f3 O-O 6. Bg5 Nc6 7. d5 Ne5 8. Qd2 a6
9. a4 e6 10. Rc1 h6 11. Bxh6 Nxe4 12. Nxe4 Qh4+ 13. Qf2 Qxh6 14. Qd2 Qh4+ 15.
Qf2 Qe7 16. Kd1 exd5 17. cxd5 Bh6 18. Rc2 Ng4 19. fxg4 Qxe4 0-1

[Event "IX Open"]
[Site "Crema ITA"]
[Date "2007.09.09"]
[Round "5"]
[White "Acunzo, Domenico"]
[Black "Colombo, Luca"]
[Result "1-0"]
[WhiteElo "1776"]
[BlackElo "1766"]
[PlyCount "51"]
[EventDate "2007.09.07"]

1. e4 c5 2. Nf3 d6 3. h3 Nf6 4. c3 Nxe4 5. Qa4+ Bd7 6. Qxe4 Bc6 7. Qg4 g6 8. d4
Bg7 9. Be2 Nd7 10. Na3 h5 11. Qf4 Bxf3 12. Bxf3 cxd4 13. O-O dxc3 14. bxc3 Nc5
15. Bd2 O-O 16. Rac1 Qa5 17. Qb4 Qd8 18. Be2 Qb6 19. Be3 Qxb4 20. cxb4 Ne6 21.
Rc2 Rac8 22. Rfc1 Rxc2 23. Rxc2 Nd4 24. Bxd4 Bxd4 25. Rc7 Bb6 26. Rxe7 1-0

[Event "IX Open"]
[Site "Crema ITA"]
[Date "2007.09.09"]
[Round "5"]
[White "Barrera, Pietro"]
[Black "Ranfagni, Stefano"]
[Result "1/2-1/2"]
[WhiteElo "1905"]
[BlackElo "2031"]
[PlyCount "109"]
[EventDate "2007.09.07"]

1. d4 e6 2. Nf3 f5 3. Bg5 Be7 4. h4 Nf6 5. Nbd2 Nc6 6. Bxf6 Bxf6 7. c3 d5 8. e3
Bd7 9. Qc2 Qe7 10. Bd3 g6 11. O-O-O a6 12. Rde1 Na7 13. g3 c5 14. dxc5 Qxc5 15.
Nb3 Qc7 16. h5 O-O-O 17. Qd1 e5 18. Bc2 Bc6 19. hxg6 hxg6 20. Rxh8 Rxh8 21. Rh1
Rd8 22. Rh6 Qg7 23. Rh2 Nb5 24. a4 Nc7 25. Na5 d4 26. Nxc6 bxc6 27. Qe2 dxc3
28. bxc3 e4 29. Nd4 c5 30. Ne6 Nxe6 31. Qxa6+ Kd7 32. Rh1 Ke7 33. Bb3 Nc7 34.
Qc6 Be5 35. Qxc5+ Kf6 36. g4 Ne6 37. Qc4 Rd6 38. gxf5 gxf5 39. Qc8 Qc7 40. Bxe6
Rxe6 41. Qh8+ Ke7 42. Rh7+ Kd6 43. Qf8+ Re7 44. Rh6+ Kd5 45. Qg8+ Rf7 46. Rh7
Ke6 47. Kd1 Qd7+ 48. Ke1 Bxc3+ 49. Kf1 Qd1+ 50. Kg2 Qg4+ 51. Qxg4 fxg4 52. Rxf7
Kxf7 53. Kg3 Kf6 54. Kxg4 Ke5 55. f3 1/2-1/2

[Event "IX Open"]
[Site "Crema ITA"]
[Date "2007.09.09"]
[Round "5"]
[White "Bozuffi, Italo"]
[Black "Murgia, Andrea"]
[Result "0-1"]
[WhiteElo "1888"]
[BlackElo "2042"]
[PlyCount "61"]
[EventDate "2007.09.07"]

1. f4 f5 2. e4 fxe4 3. d3 e3 4. Qh5+ g6 5. Qe5 Nf6 6. Qxe3 Bg7 7. Nc3 O-O 8.
Be2 Nc6 9. Bf3 d6 10. Bd2 e5 11. O-O-O Ng4 12. Bxg4 Bxg4 13. Rf1 d5 14. Qg3 Be6
15. Nge2 d4 16. Ne4 Bxa2 17. h4 a5 18. h5 gxh5 19. Rxh5 Bf7 20. Rh2 Bg6 21.
Rfh1 Qd5 22. Kd1 Nb4 23. Rxh7 Bxh7 24. Rxh7 Kxh7 25. f5 Qc6 26. Ng5+ Kg8 27.
Ne6 Qxc2+ 28. Ke1 Nxd3+ 29. Kf1 Rxf5+ 30. Kg1 Qd1+ 31. Be1 0-1

[Event "IX Open"]
[Site "Crema ITA"]
[Date "2007.09.09"]
[Round "5"]
[White "Bozzali, Ermanno"]
[Black "Martino, Antonio M."]
[Result "1-0"]
[WhiteElo "2116"]
[BlackElo "2005"]
[PlyCount "85"]
[EventDate "2007.09.07"]

1. d4 Nf6 2. Nf3 g6 3. c4 Bg7 4. Nc3 d5 5. Bg5 Ne4 6. cxd5 Nxg5 7. Nxg5 c6 8.
dxc6 Nxc6 9. e3 e5 10. d5 Qxg5 11. dxc6 bxc6 12. Qd6 Bd7 13. O-O-O Qe7 14. Bc4
f5 15. Qc7 Rc8 16. Qxa7 Be6 17. Qxe7+ Kxe7 18. Bxe6 Kxe6 19. e4 Rhd8 20. Rxd8
Rxd8 21. Rd1 Rd4 22. f3 fxe4 23. Nxe4 Rc4+ 24. Kb1 Bh6 25. b3 Rd4 26. Kc2 Rd5
27. Rd3 Bf8 28. Nc3 Ra5 29. a4 Be7 30. Ne4 h6 31. Nd2 Ra6 32. Nc4 Bc5 33. Rd8
Ra7 34. Rg8 Kf6 35. Rc8 Ra6 36. Nd2 Be7 37. Nc4 Bb4 38. Kd3 h5 39. Ke4 Bc3 40.
Rd8 g5 41. Rd6+ Ke7 42. Rh6 h4 43. Kf5 1-0

[Event "IX Open"]
[Site "Crema ITA"]
[Date "2007.09.09"]
[Round "5"]
[White "Brighenti, Alessandro"]
[Black "Tedoldi, Guido"]
[Result "1/2-1/2"]
[WhiteElo "1623"]
[BlackElo "1419"]
[PlyCount "85"]
[EventDate "2007.09.07"]

1. e4 c5 2. Nc3 e6 3. g3 Nc6 4. Bg2 Nf6 5. f4 d6 6. Nf3 Be7 7. O-O O-O 8. d3 a6
9. h3 Rb8 10. g4 b5 11. a3 Bb7 12. Ne2 Qb6 13. Be3 Qc7 14. Ng3 Nd8 15. g5 Ne8
16. Nh2 g6 17. Ng4 f5 18. Nh6+ Kh8 19. h4 Nf7 20. Nxf7+ Rxf7 21. Bf3 Ng7 22.
Rf2 Rg8 23. Rh2 d5 24. Qe2 d4 25. Bd2 e5 26. fxe5 Qxe5 27. Qg2 Bd6 28. Nh1
Qxh2+ 29. Qxh2 Bxh2+ 30. Kxh2 Re8 31. Re1 fxe4 32. Bxe4 Bxe4 33. dxe4 Rfe7 34.
Ng3 Nh5 35. Rf1 Nxg3 36. Kxg3 Rxe4 37. Rf6 R4e6 38. Rf7 Kg8 39. Ra7 Rc6 40. Kf3
c4 41. Rd7 c3 42. bxc3 dxc3 43. Be3 1/2-1/2

[Event "IX Open"]
[Site "Crema ITA"]
[Date "2007.09.09"]
[Round "5"]
[White "Calvi, Gianluca"]
[Black "Oteri, Aldo"]
[Result "1-0"]
[WhiteElo "1885"]
[BlackElo "1957"]
[PlyCount "101"]
[EventDate "2007.09.07"]

1. d4 Nf6 2. c4 d5 3. e3 Bg4 4. f3 Bf5 5. Nc3 e6 6. g4 Bg6 7. h4 h5 8. g5 Ng8
9. cxd5 exd5 10. Qb3 Nd7 11. Nxd5 Nb6 12. Nxb6 axb6 13. d5 Bd6 14. Bb5+ Kf8 15.
Ne2 Ne7 16. e4 c6 17. dxc6 bxc6 18. Bd3 f5 19. Rf1 Qc7 20. Be3 b5 21. a3 Bg3+
22. Bf2 Bxf2+ 23. Rxf2 Bf7 24. Qc2 g6 25. exf5 gxf5 26. Bxf5 b4 27. Kf1 Qe5 28.
Be4 bxa3 29. Rxa3 Rxa3 30. bxa3 Kg7 31. Kg2 Ra8 32. f4 Qxe4+ 33. Qxe4 Bd5 34.
Qxd5 Nxd5 35. Rf3 c5 36. f5 c4 37. Nc3 Rd8 38. a4 Nxc3 39. Rxc3 Rd4 40. a5 Rxh4
41. a6 Rd4 42. a7 Rd2+ 43. Kg3 Ra2 44. Kh4 Rh2+ 45. Kg3 Ra2 46. Rxc4 Rxa7 47.
Kh4 Ra5 48. Rc7+ Kg8 49. f6 Rf5 50. Kxh5 Kf8 51. Kg6 1-0

[Event "IX Open"]
[Site "Crema ITA"]
[Date "2007.09.09"]
[Round "5"]
[White "Calvi, Luca"]
[Black "Pagano, Davide"]
[Result "1-0"]
[WhiteElo "1560"]
[BlackElo "1464"]
[PlyCount "47"]
[EventDate "2007.09.07"]

1. d4 d5 2. c4 c6 3. cxd5 cxd5 4. Nf3 Nf6 5. Nc3 Nc6 6. Bf4 e6 7. e3 Bd6 8.
Bxd6 Qxd6 9. Bd3 a6 10. a3 b5 11. O-O O-O 12. Re1 Rd8 13. Rc1 Bb7 14. e4 dxe4
15. Nxe4 Nxe4 16. Bxe4 Rab8 17. Bxh7+ Kxh7 18. Ng5+ Kg8 19. Qh5 Qc7 20. Qh7+
Kf8 21. Qh8+ Ke7 22. Qxg7 Kd6 23. Nxf7+ Ke7 24. Ng5+ 1-0

[Event "IX Open"]
[Site "Crema ITA"]
[Date "2007.09.09"]
[Round "5"]
[White "Cammarota, Vittorio"]
[Black "Brugo, Marco"]
[Result "1/2-1/2"]
[WhiteElo "1916"]
[BlackElo "2142"]
[PlyCount "76"]
[EventDate "2007.09.07"]

1. e4 e6 2. d3 d5 3. Nd2 Nf6 4. Ngf3 Bc5 5. e5 Nfd7 6. d4 Bb6 7. Nb3 c5 8. dxc5
Nxc5 9. Nxc5 Bxc5 10. Bd3 Nc6 11. O-O Qc7 12. Bf4 Bd7 13. c3 Ne7 14. Qe2 Ng6
15. Bg3 Be7 16. Rfe1 Qd8 17. Rad1 O-O 18. Bb1 Rc8 19. Rd4 Bc5 20. Rg4 f5 21.
exf6 Qxf6 22. Bxg6 hxg6 23. Be5 Qf5 24. Rg5 Qf7 25. Qc2 Be8 26. h4 Be7 27. Rg3
Qf5 28. Qd2 Qh5 29. Rh3 Rf5 30. Qe2 Bd7 31. Nd4 Qxe2 32. Rxe2 Rh5 33. Nf3 Rc4
34. Bd4 Bf6 35. g4 Rh8 36. b3 Rc6 37. Ne5 Bxe5 38. Rxe5 Rc8 1/2-1/2

[Event "IX Open"]
[Site "Crema ITA"]
[Date "2007.09.09"]
[Round "5"]
[White "Casale, Anania"]
[Black "Crimi, Alessandro"]
[Result "1-0"]
[WhiteElo "1703"]
[BlackElo "1918"]
[PlyCount "58"]
[EventDate "2007.09.07"]

1. d4 Nf6 2. c4 c5 3. d5 e6 4. Nc3 exd5 5. cxd5 d6 6. e4 g6 7. h3 Bg7 8. Nf3
O-O 9. Bd3 Re8 10. O-O c4 11. Bxc4 Nxe4 12. Nxe4 Rxe4 13. Bd3 Re8 14. Qc2 Nd7
15. Bb5 a6 16. Bxd7 Bxd7 17. Bf4 Rc8 18. Qb3 Qf6 19. Qb4 Qxb2 20. Qxb2 Bxb2 21.
Rab1 Ba3 22. Rxb7 Bb5 23. Rb1 Bc4 24. Rd1 Bxa2 25. Ng5 Rc3 26. Nxf7 Bb3 27.
Nh6+ Kh8 28. Bg5 Rf8 29. Re1 Bxd5 1-0

[Event "IX Open"]
[Site "Crema ITA"]
[Date "2007.09.09"]
[Round "5"]
[White "Cervini, Ernesto"]
[Black "Biava, Pierluigi"]
[Result "0-1"]
[WhiteElo "1467"]
[BlackElo "1739"]
[PlyCount "78"]
[EventDate "2007.09.07"]

1. e4 c5 2. Nf3 e6 3. d4 cxd4 4. Nxd4 a6 5. Be3 Nf6 6. Nd2 Nc6 7. c3 Be7 8. Be2
O-O 9. O-O Qc7 10. f4 d5 11. e5 Nd7 12. Bd3 Rd8 13. N2f3 Nf8 14. Qc2 b5 15.
Rac1 Bb7 16. Nxc6 Qxc6 17. Nd4 Qc7 18. Qe2 Rac8 19. Qg4 Bc5 20. Rf3 Qe7 21.
Rcf1 Rc7 22. f5 exf5 23. Rxf5 f6 24. Rxf6 Qxe5 25. R6f3 Bc8 26. Qf4 Qxf4 27.
Rxf4 Re7 28. Bf2 Rde8 29. Nf5 Bxf2+ 30. R1xf2 Re1+ 31. Rf1 Ng6 32. R4f2 Rxf1+
33. Kxf1 Be6 34. g3 Ne5 35. Be2 Nc4 36. Bd3 g6 37. Nh4 Bh3+ 38. Kg1 Re1+ 39.
Bf1 Ne3 0-1

[Event "IX Open"]
[Site "Crema ITA"]
[Date "2007.09.09"]
[Round "5"]
[White "Codenotti, Marco"]
[Black "Stella, Andrea"]
[Result "1/2-1/2"]
[WhiteElo "1969"]
[BlackElo "2132"]
[PlyCount "48"]
[EventDate "2007.09.07"]

1. e4 g6 2. d4 Bg7 3. Nc3 c5 4. dxc5 Qa5 5. Nf3 Nf6 6. Bd2 Qxc5 7. Be3 Qa5 8.
Qd2 Nc6 9. Bc4 O-O 10. O-O-O d6 11. Bh6 Qb4 12. Bxg7 Kxg7 13. Bd3 Be6 14. Ng5
Bc4 15. h4 Bxd3 16. Qxd3 Ne5 17. Qd4 Qxd4 18. Rxd4 h6 19. Nh3 Rfc8 20. Nf4 Nc4
21. Nfd5 e6 22. Nxf6 Kxf6 23. Rhd1 Ke7 24. Nb5 e5 1/2-1/2

[Event "IX Open"]
[Site "Crema ITA"]
[Date "2007.09.09"]
[Round "5"]
[White "D'Apa, Massimo"]
[Black "Santandrea, Marco"]
[Result "0-1"]
[WhiteElo "1521"]
[BlackElo "1837"]
[PlyCount "80"]
[EventDate "2007.09.07"]

1. e4 c6 2. d4 d5 3. exd5 cxd5 4. c4 Nf6 5. Nc3 Nc6 6. Nf3 e6 7. cxd5 exd5 8.
Bb5 Bd7 9. Be3 Bb4 10. O-O O-O 11. a3 Bxc3 12. bxc3 Rc8 13. Rc1 Bg4 14. Bg5 h6
15. Bh4 Qd6 16. Qd3 Bh5 17. Bxc6 Rxc6 18. Ne5 Ra6 19. Ra1 Nd7 20. f4 Nxe5 21.
fxe5 Qc6 22. Qg3 Qg6 23. Qe3 Qc6 24. Qh3 Qe6 25. Qxe6 Rxe6 26. Rab1 b6 27. Rb5
Be2 28. Rxd5 Bxf1 29. Kxf1 g5 30. Bg3 f6 31. Kg1 fxe5 32. Bxe5 Rc6 33. Rd7 Rf7
34. Rd8+ Kh7 35. d5 Rc4 36. d6 Re4 37. Bg3 Re3 38. d7 Rd3 39. h3 Rfxd7 40. Re8
Rxg3 0-1

[Event "IX Open"]
[Site "Crema ITA"]
[Date "2007.09.09"]
[Round "5"]
[White "De Palma, Fabrizio"]
[Black "Scalcione, Michelangelo"]
[Result "0-1"]
[WhiteElo "1972"]
[BlackElo "2288"]
[PlyCount "76"]
[EventDate "2007.09.07"]

1. e4 e5 2. Nf3 d6 3. d4 exd4 4. Nxd4 Nf6 5. Nc3 Be7 6. Be2 O-O 7. O-O Re8 8.
f4 Bf8 9. Bf3 c5 10. Nde2 Nc6 11. h3 Qb6 12. b3 Bd7 13. Bb2 Rac8 14. Kh1 Nd4
15. Nxd4 cxd4 16. Nd5 Nxd5 17. exd5 d3 18. c4 Qe3 19. Re1 Qf2 20. Bc3 Bf5 21.
Qd2 Qg3 22. Bd4 h5 23. Bxa7 Qg6 24. Rxe8 Rxe8 25. Re1 Re7 26. Bd4 Qh6 27. Rxe7
Bxe7 28. a4 h4 29. a5 g5 30. b4 Bf6 31. Qc3 Bxd4 32. Qxd4 gxf4 33. b5 Qg5 34.
Bg4 Bxg4 35. hxg4 f3 36. a6 bxa6 37. bxa6 Qc1+ 38. Kh2 Qd2 0-1

[Event "IX Open"]
[Site "Crema ITA"]
[Date "2007.09.09"]
[Round "5"]
[White "Gerundino, Nicola"]
[Black "Castrogiovanni, Carlo"]
[Result "0-1"]
[WhiteElo "1965"]
[BlackElo "2086"]
[PlyCount "43"]
[EventDate "2007.09.07"]

1. e4 c5 2. Nf3 a6 3. c3 d5 4. exd5 Qxd5 5. d4 Nf6 6. dxc5 Qxc5 7. Be3 Qc7 8.
h3 e6 9. c4 Bb4+ 10. Bd2 Bc5 11. b4 Be7 12. Bd3 O-O 13. O-O Rd8 14. Qb3 Nc6 15.
Bc2 e5 16. Re1 Be6 17. Ng5 Nd4 18. Nxe6 Nxb3 19. Nxc7 Nxa1 20. Bd1 Rac8 21. Nd5
Nxd5 22. cxd5 0-1

[Event "IX Open"]
[Site "Crema ITA"]
[Date "2007.09.09"]
[Round "5"]
[White "Masotti, Roberto"]
[Black "Tagliaferri, Valerio"]
[Result "1/2-1/2"]
[WhiteElo "1948"]
[BlackElo "1440"]
[PlyCount "115"]
[EventDate "2007.09.07"]

1. Nf3 d5 2. d4 Nf6 3. c4 c6 4. e3 Bg4 5. Nc3 e6 6. h3 Bh5 7. g4 Bg6 8. Ne5
Nbd7 9. h4 dxc4 10. Nxd7 Qxd7 11. Bxc4 h5 12. g5 Ne4 13. Nxe4 Bxe4 14. f3 Bd5
15. Bd3 c5 16. e4 Bc6 17. dxc5 Bxc5 18. Qc2 Bb4+ 19. Kf2 Rc8 20. Qe2 Bc5+ 21.
Be3 Qe7 22. Rac1 Bxe3+ 23. Qxe3 Qb4 24. Rc2 a5 25. Rhc1 O-O 26. Qe2 Rcd8 27.
Bc4 Qc5+ 28. Kg2 Qd4 29. Bb5 Bxb5 30. Qxb5 b6 31. Kf1 f5 32. gxf6 Rxf6 33. Rf2
e5 34. Qc4+ Qxc4+ 35. Rxc4 g6 36. Ke2 Rdd6 37. Rc7 Rf4 38. Re7 Rxh4 39. Rxe5
Kf7 40. Rb5 Rh1 41. f4 Rhd1 42. f5 R1d2+ 43. Kf3 Rxf2+ 44. Kxf2 g5 45. e5 Rc6
46. Kg3 Rc5 47. e6+ Ke7 48. Rxb6 Rxf5 49. Ra6 Rd5 50. Rb6 Rd3+ 51. Kg2 h4 52.
Rb5 g4 53. Rxa5 Rd2+ 54. Kf1 g3 55. Ra4 Rxb2 56. Rxh4 Rxa2 57. Rg4 Ra3 58. Kg2
1/2-1/2

[Event "IX Open"]
[Site "Crema ITA"]
[Date "2007.09.09"]
[Round "5"]
[White "Mazzariol, Oscar"]
[Black "Romagnoli, Franco"]
[Result "1/2-1/2"]
[WhiteElo "2035"]
[BlackElo "2111"]
[PlyCount "103"]
[EventDate "2007.09.07"]

1. d4 g6 2. c4 Bg7 3. Nc3 c5 4. d5 d6 5. e4 e6 6. Bd3 exd5 7. cxd5 Nf6 8. Nge2
O-O 9. O-O Na6 10. a3 Nc7 11. Rb1 b5 12. b4 c4 13. Bc2 a6 14. f3 Bb7 15. Be3
Nd7 16. Qd2 Ne8 17. a4 Nc7 18. axb5 axb5 19. Nd4 Qf6 20. Ncxb5 Nxb5 21. Nxb5 c3
22. Qe2 Ba6 23. Bd3 Ne5 24. Ra1 Nxd3 25. Qxd3 Bxb5 26. Qxb5 Rxa1 27. Rxa1 c2
28. Rc1 Qc3 29. Qe2 Rc8 30. b5 Qb3 31. b6 Qb2 32. Qd2 Rc3 33. b7 Qxb7 34. Rxc2
Rxe3 35. Qxe3 Bd4 36. Qxd4 Qb1+ 37. Kf2 Qxc2+ 38. Kg3 Qb1 39. Qf6 Qe1+ 40. Kh3
Qb4 41. g3 h5 42. Kh4 Qd2 43. h3 Qe3 44. Qxd6 Qxf3 45. Qf4 Qa3 46. e5 Qe7+ 47.
Qf6 Qb4+ 48. g4 Qe1+ 49. Kg5 Qd2+ 50. Qf4 Qxd5 51. gxh5 Qd8+ 52. Qf6 1/2-1/2

[Event "IX Open"]
[Site "Crema ITA"]
[Date "2007.09.09"]
[Round "5"]
[White "Milanesi, Erminio"]
[Black "Vetturi, Pietro"]
[Result "0-1"]
[WhiteElo "1862"]
[BlackElo "1742"]
[PlyCount "66"]
[EventDate "2007.09.07"]

1. e4 c5 2. d3 Nc6 3. g3 g6 4. c3 Bg7 5. Nh3 d6 6. f4 e5 7. Nf2 Nge7 8. Bg2 b5
9. O-O Bb7 10. Na3 a6 11. Nc2 Qc7 12. Be3 Nd8 13. Rc1 O-O 14. d4 Rc8 15. fxe5
cxd4 16. exd6 Qxd6 17. cxd4 Ne6 18. e5 Qb8 19. Bxb7 Qxb7 20. Ng4 Nf5 21. Rxf5
gxf5 22. Nh6+ Kh8 23. Nxf5 Qe4 24. Nd6 Qg6 25. Nxc8 Rxc8 26. Nb4 Rd8 27. Nc6
Re8 28. d5 Nd8 29. Nxd8 Rxd8 30. Qd4 h5 31. Rc6 Qb1+ 32. Kg2 Qxa2 33. Qh4 Qxd5+
0-1

[Event "IX Open"]
[Site "Crema ITA"]
[Date "2007.09.09"]
[Round "5"]
[White "Mora, Lorenzo"]
[Black "Perrotta, Leopoldo"]
[Result "1-0"]
[WhiteElo "1920"]
[BlackElo "1875"]
[PlyCount "99"]
[EventDate "2007.09.07"]

1. e4 d5 2. exd5 Nf6 3. d4 Nxd5 4. Nf3 Bg4 5. Be2 e6 6. O-O Be7 7. h3 Bxf3 8.
Bxf3 c6 9. c4 Nf6 10. b3 Na6 11. Bb2 O-O 12. Nc3 Nc7 13. Ne4 Nxe4 14. Bxe4 Bf6
15. Qd3 g6 16. Rad1 Qd7 17. Qf3 Bg7 18. h4 Qe7 19. Qg3 f5 20. Bf3 Rad8 21. Rfe1
f4 22. Qh3 c5 23. Bg4 Rfe8 24. Re4 cxd4 25. Bxd4 Bxd4 26. Rexd4 e5 27. Rd7 Rxd7
28. Rxd7 Qc5 29. h5 Re7 30. Rd8+ Re8 31. Be6+ Kg7 32. h6+ Kf8 33. Rxe8+ Nxe8
34. Bd5 Qe7 35. Qc8 b6 36. Qb8 Qc7 37. Qa8 Ke7 38. a3 g5 39. Be4 Qd7 40. Kh2
Kf8 41. Bc6 Qf7 42. Bxe8 Qxe8 43. Qxe8+ Kxe8 44. f3 Kf7 45. Kh3 Kg6 46. Kg4
Kxh6 47. Kf5 Kh5 48. b4 Kh4 49. c5 Kg3 50. c6 1-0